Štúdium poisťovníctva trochu inak

Enregistré dans:
Détails bibliographiques
Auteur principal: Littvová, Zuzana
Format: Chapitre de livre
Langue:slovaque
Tags: Ajouter un tag
Pas de tags, Soyez le premier à ajouter un tag!

MARC

LEADER 00000naa a2200000 4500
001 0152707
005 20240502072723.6
041 0 |a slo 
044 |a SK 
245 1 0 |a Štúdium poisťovníctva trochu inak  |c Zuzana Littvová 
100 1 |a Littvová, Zuzana